00357 a2200109 4500001001000000005001700010008004100027245006900068100002500137773006800162999001700230ART_1479220260410161913.0260409a 10aResource exploitation theory and the behaviour of the oil cartel1 aSchmalensee, Richard0 tEuropean economic reviewg- Vol. 7, NÂș 3 (abr. 1976)wREV13346 c27039d27039